000 00518nam a2200181Ia 4500
003 GCL
008 140319s9999 xx 000 0 ara d
020 _a9001320977
040 _aGCL /
_cGCL
082 0 4 _a813.01
_bو ح
100 1 _aوفية خيرى
245 1 0 _aالحياة فى خطر /
_cوفية خيرى
260 _aالقاهرة :
_bدار الحرية ،
_c1983
300 _a208 ص ؛
_c16 سم
490 _aمختارات الحرية
_v2
650 0 4 _aالقصص العربية
942 _2ddc
_cBK
999 _c6778
_d6778